000 00250nam a22000977a 4500
999 _c11609
_d11609
008 190820b ||||| |||| 00| 0 eng d
020 _a9780143038252
100 _aMortenson Greg
_94666
245 _aThree Cups Of Tea
260 _aUSA
_bPenguin Books
_c2006